La sociedad abierta y sus enemigos

Guardat en:
Dades bibliogràfiques
Autor principal: Pooper, Karl R. (Autor)
Format: Llibre
Idioma:espanyol
Publicat: Barcelona Paidós 1994
Edició:6a. ed
Col·lecció:Paidós Básica, 1
Matèries:
Etiquetes: Afegir etiqueta
Sense etiquetes, Sigues el primer a etiquetar aquest registre!

MARC

LEADER 00000nam a2200000 a 4500
001 UCR6896
003 CL-VaPUC
008 980424e19940000SP |||||||||||||||||spa|d
082 0 4 |a 301  |b POP  |2 21 
100 |a Pooper, Karl R.  |e author  |9 311826 
245 1 3 |a La sociedad abierta y sus enemigos 
250 |a 6a. ed 
300 |a 693 p 
942 |c BK 
945 |d 19980424 00:00:00  |a rbrito 
260 |a Barcelona  |b Paidós  |c 1994 
600 0 7 |a PLATON  |2 CL-VaPUC  |9 222 
600 0 |a Marx, Karl Heinrich,  |d 1818-1883  |9 861123 
650 0 |a Filosofía (contemporánea)  |y S.XX (Siglo 20)  |9 267050 
650 0 |a Totalitarismo  |9 255261 
650 7 |a HOMBRE  |2 CL-VaPUC  |9 262149 
650 0 |a Ideologías  |9 255200 
650 0 |a Platonismo  |9 265673 
650 7 |a MARXISMO  |2 CL-VaPUC  |9 408096 
583 |a last modification  |c 20160912 03:24:21  |k Rodrigo Vera 
490 0 |a Paidós Básica, 1 
999 |c 268788  |d 268786 
952 |0 0  |1 0  |4 0  |6 301_000000000000000_POP_1994  |7 0  |8 A  |9 302135  |a BIBEDU  |b BIBEDU  |d 2019-11-20  |i 3416089  |l 3  |m 1  |o 301 POP 1994  |p 3416089  |r 2024-08-22  |s 2024-08-14  |w 2019-11-20  |y BK  |k BME